000 00593nam a2200205Ia 4500
005 20230417160829.0
008 230125s9999 xx 000 0 und d
020 _a978-81-321-1968-5
041 _aeng
082 _a658.314
_bRUT
100 _aRuttenberg A
_9116356
245 _aCracking the Creativity Code
_bZoom in Zoom out Framework for Creativity Fun and Success
260 _c2014
_bSage publication
_aNew Delhi
300 _a157p
500 _aCreativity management
700 _aRuttenberg A & Maital S
_9116357
906 _b106.25
942 _cBK
999 _c94010
_d94010